| 000 | 00589nam a22002417a 4500 | ||
|---|---|---|---|
| 003 | UA-OsUOA | ||
| 001 | 26183 | ||
| 007 | ta | ||
| 008 | 20040518b un ||||| |||| 00| 0 ukr d | ||
| 100 | _aСкворняков Л.А. | ||
| 090 |
_a51 _bС44 |
||
| 942 | _cBK | ||
| 040 |
_aUA-OsUOA _brus _cUA-OsUOA _dUA-OsUOA |
||
| 245 |
_aЭлементы алгебры _bУчебное пособие для вузов |
||
| 300 | _a240 с. | ||
| 955 | _a0 | ||
| 041 | _arus | ||
| 080 | _a51 | ||
| 260 |
_aМосква _bНаука _c1986 |
||
| 044 | _aRU | ||
| 650 | 7 | _2UDC | |
| 999 |
_c312498 _d312498 |
||